Normal view
MARC view
- Raza,Nihaal, Shah,Syed Asad Ali, Abdullah, Syed M., Zaheer,Ammad, Hassan,Bilal, & Inam,Dawood
Entry Personal Name
001 - CONTROL NUMBER
- control field: 5018
003 - CONTROL NUMBER IDENTIFIER
- control field: NUST
005 - DATE AND TIME OF LATEST TRANSACTION
- control field: 20170926155226.0
008 - FIXED-LENGTH DATA ELEMENTS
- fixed length control field: 170926|| aca||aabn | a|a d
040 ## - CATALOGING SOURCE
- Original cataloging agency: NUST
- Transcribing agency: NUST
100 ## - HEADING--PERSONAL NAME
- Personal name: Raza,Nihaal, Shah,Syed Asad Ali, Abdullah, Syed M., Zaheer,Ammad, Hassan,Bilal, & Inam,Dawood
670 ## - SOURCE DATA FOUND
- Source citation: Work cat.: (NUST): Raza,Nihaal, Shah,Syed Asad Ali, Abdullah, Syed M., Zaheer,Ammad, Hassan,Bilal, & Inam,Dawood, The current internal displacement crisis and its impact upon militancy in north Waziristan agency , 2015
